Statistics for Countries that start a,b,c,d and e

Click here to take the quiz!

General Stats

  • This quiz has been taken 96 times
  • The average score is 36 of 56

Answer Stats

HintAnswer% Correct
aandorra
81%
aalbania
80%
aafghanistan
78%
aaustralia
78%
aalgeria
77%
aarmenia
77%
aaustria
77%
ddenmark
77%
aazerbaijan
76%
aantigua and barbuda
73%
ccanada
73%
cchina
73%
bbelgium
72%
aangola
71%
aargentina
71%
eeritrea
68%
bbhutan
67%
bbotswana
67%
eestonia
67%
bbrazil
66%
ccroatia
66%
bbahamas
65%
bbenin
65%
bbolivia
65%
cczech republic
65%
eecuador
65%
bbangladesh
63%
bbelarus
63%
ddominica
63%
ddominican republic
63%
eethiopia
63%
bbarbados
62%
bbosnia and herzegovina
62%
bbrunei
62%
cchad
62%
ccolombia
62%
bbelize
61%
cchile
61%
ccambodia
59%
ccomoros
59%
bbulgaria
58%
ddemocratic republic of the congo
58%
ddjibouti
58%
bburkina faso
57%
bburundi
57%
ccameroon
57%
eegypt
57%
ccosta rica
56%
eel salvador
56%
eeswatini
56%
ccuba
54%
bbahrain
53%
ccape verde
49%
ccyprus
49%
eequatorial guinea
47%
ccentral african republic
33%

Score Distribution

Percentile by Number Answered

Percent of People with Each Score

Your Score History

You have not taken this quiz